Grand quiz des drapeaux : 20 drapeaux aléatoires (sur 400+ disponible) - Statistiques

Statistiques générales
  • Ce quiz a été pris 2 479 fois
  • Le résultat moyen est 9 sur 20
Statistiques - réponses
Par images Hint Réponse % Correct
France
100%
Grèce
100%
Roumanie
100%
Italie
98%
Allemagne
97%
Arabie Saoudite
97%
Colombie
97%
Croatie
97%
Malte
97%
Belgique
96%
Japon
96%
Brésil
95%
Cameroun
94%
Chine
94%
Royaume-Uni
94%
Sénégal
94%
Tunisie
94%
Australie
93%
Bretagne
93%
Canada
93%
Suède
93%
Chypre
92%
Etats-Unis
92%
Portugal
92%
Russie
92%
Égypte
91%
Espagne
91%
Finlande
91%
Israël
91%
Kenya
91%
Algérie
90%
Côte d'Ivoire
90%
Jamaïque
90%
Macédoine du Nord
90%
(𝑃𝑎𝑦𝑠) Pologne
90%
Singapour
90%
Autriche
89%
Irlande
89%
Mexique
89%
Serbie
89%
Slovaquie
89%
Vatican
89%
Albanie
88%
Argentine
88%
Cuba
88%
Cambodge
87%
Corée du sud
87%
Madagascar
87%
Qatar
87%
Turquie
87%
Ukraine
87%
Andorre
86%
Danemark
86%
Luxembourg
86%
Somalie
86%
Vénézuela
86%
Afrique du Sud
85%
(𝑃𝑎𝑦𝑠) Indonésie
85%
Nouvelle-Zélande
85%
Slovénie
85%
Uruguay
85%
Inde
84%
Liban
84%
(𝑃𝑎𝑦𝑠) Monaco
84%
Népal
84%
Pays-Bas
84%
République Tchèque
84%
Bangladesh
83%
Biélorussie
83%
Chili
83%
Iran
83%
Pays de Galles
83%
Thaïlande
83%
Barbade
82%
Écosse
82%
Estonie
82%
Monténégro
82%
Norvège
82%
Salvador
82%
Angola
81%
Malaisie
81%
Pakistan
81%
Panama
81%
Pérou
81%
Géorgie
79%
Ghana
79%
Kosovo
79%
Moldavie
79%
Ouganda
79%
Saint-Marin
79%
Suisse
79%
Bulgarie
78%
Haïti
78%
Philippines
78%
Vietnam
78%
Bhoutan
77%
Hongrie
77%
Islande
77%
Sri Lanka
77%
Taïwan
77%
Émirats arabes unis
76%
Nigeria
76%
Syrie
76%
Cap-Vert
75%
Comores
75%
Corée du Nord
75%
Guinée
74%
Mongolie
74%
Mozambique
73%
Tchad
73%
Mauritanie
72%
Zambie
72%
Angleterre
71%
Burkina Faso
71%
Costa Rica
71%
Guinée équatoriale
71%
Mali
71%
Fidji
70%
Libéria
70%
Papouasie-Nouvelle-Guinée
70%
Zimbabwe
70%
Azerbaïdjan
69%
Birmanie
69%
Erythrée
69%
Hong Kong
69%
Lesotho
69%
Maurice
69%
Micronésie
69%
Sainte-Lucie
69%
Ethiopie
68%
Laos
68%
Armenie
67%
Burundi
67%
Niger
67%
Seychelles
67%
Afghanistan
66%
Corse
66%
Bosnie-Herzégovine
65%
Îles Marshall
65%
Jordanie
65%
Québec
65%
République du Congo
65%
Rwanda
65%
Antigua-et-Barbuda
64%
Gambie
64%
Lituanie
64%
Paraguay
64%
Turkménistan
64%
Belize
63%
Malawi
63%
Tadjikistan
63%
Gabon
62%
Guyana
62%
République Démocratique du Congo
62%
Sierra Leone
62%
Bénin
61%
Botswana
61%
Équateur
61%
Maldives
61%
Sao Tomé-et-Principe
61%
Tanzanie
61%
Tonga
61%
Grenade
60%
Palaos
60%
Yemen
60%
Brunei
59%
Koweït
59%
Liechtenstein
59%
Ouzbékistan
59%
Soudan
59%
Eswatini
58%
Guatemala
58%
Nicaragua
58%
Pays Basque
58%
Réunion
58%
Kirghizistan
57%
Nauru
57%
Gibraltar
56%
Groenland
56%
Libye
56%
Namibie
56%
Bahamas
55%
Djibouti
55%
Soudan du Sud
55%
Suriname
55%
Dominique
54%
Kiribati
54%
Vanuatu
54%
Samoa
52%
Trinité et Tobago
52%
Guinée-Bissau
50%
Timor Oriental
50%
Kazakstan
49%
Oman
49%
Saint-Vincent et les Grenadine
49%
Bolivie
48%
Guadeloupe
48%
Honduras
48%
République Centrafricaine
48%
République Dominicaine
48%
Bahreïn
46%
Macao
46%
Wallis-et-Futuna
46%
Nouvelle-Calédonie
45%
Catalogne
44%
Île de Man
44%
Sardaigne
44%
Îles Féroé
42%
Normandie
42%
Tuvalu
42%
Îles Cook
41%
Irlande du Nord
41%
Mayotte
39%
Texas
38%
Arizona
37%
Californie
37%
Saint-Christophe-et-Niévès
37%
Togo
37%
Jersey
33%
Îles Salomon
31%
Washington
31%
Bermudes
30%
Dakota du Sud
30%
Nouveau-Mexique
30%
Guyane
29%
Lombardie
29%
Samoa Américaines
29%
Jura
28%
Occitanie
28%
Guernesey
27%
Guam
26%
Porto Rico
26%
Centre-Val de Loire
25%
Oregon
25%
Îles Vierges Britaniques
24%
Iraq
24%
Ohio
24%
Saint Hélène
24%
Sicile
24%
Alaska
23%
Castille-et-Léon
23%
Île-de-France
23%
Niue
23%
Caroline du Nord
22%
Îles Malouines
22%
Valais
22%
Bourgogne-Franche-Comté
21%
Colorado
21%
Saint-Pierre-et-Miquelon
21%
Terres australes et antarctiques françaises
21%
Andalousie
20%
Berlin
20%
Galice
20%
Vénétie
20%
Åaland
19%
Bâle-Campagne
19%
Colombie Britanique
19%
Queensland
19%
Caroline du Sud
17%
Îles Vierges des États-Unis
17%
Polynésie Française
17%
Saint-Gall
17%
Argovie
16%
Delaware
16%
Floride
16%
Île-du-Prince-Édouard
16%
Indiana
16%
Marche
16%
Virginie-Occidentale
16%
Massachusetts
15%
Mississippi
15%
New Jersey
15%
Nouvelle-Aquitaine
15%
Virginie
15%
Wyoming
15%
Auvergne-Rhône-Alpes
14%
Montana
14%
Norfolk
14%
Nouveau Brunswick
14%
Provence-Alpes-Côte d'Azur
14%
Rhode Island
14%
Saba
14%
Tennessee
14%
Terre-Neuve-et-Labrador
14%
Territoire de la Capitale Australienne
14%
Utah
14%
Arkansas
13%
Hauts-de-France
13%
Minnesota
13%
Missouri
13%
Ulster
13%
Victoria
13%
Anguilla
12%
Berne
12%
Communauté de Madrid
12%
Connecticut
12%
Grand Est
12%
Îles Canaries
12%
Nouvelle Écosse
12%
Schwytz
12%
Alberta
11%
Bonaire
11%
Îles Turques et Caïques
11%
Kentucky
11%
Montserrat
11%
Navarre
11%
New York
11%
Nunavut
11%
Pennsylvanie
11%
Rhénanie du Nord-Westphalie
11%
Schaffhouse
11%
Vaud
11%
(𝐿𝑎𝑛𝑑 𝐴𝑙𝑙𝑒𝑚𝑎𝑛𝑑) Hesse
10%
Iowa
10%
Leinster
10%
Louisiane
10%
Maine
10%
Obwald
10%
Rhenanie-Palatinat
10%
Territoire du Nord
10%
Vermont
10%
Zurich
10%
Curaçao
9%
Hambourg
9%
Idaho
9%
Latium
9%
Michigan
9%
Nidwald
9%
Sarre
9%
Alabama
8%
Australie Occidentale
8%
Campanie
8%
Castille-La Manche
8%
Dakota du Nord
8%
Nebraska
8%
Nevada
8%
Nouvelles Galles du Sud
8%
Saint Barthélemy
8%
Saskatchewan
8%
(𝐶𝑎𝑛𝑡𝑜𝑛 𝑆𝑢𝑖𝑠𝑠𝑒) Soleure
8%
Tasmanie
8%
Toscane
8%
Vallée d'Aoste
8%
Aragon
7%
Asturie
7%
Géorgie
7%
Île Christmas
7%
Îles Baléares
7%
Manitoba
7%
Mecklembourg-poméranie-occidentale
7%
Munster
7%
New Hampshire
7%
Ontario
7%
Saxe-Anhalt
7%
Zoug
7%
Bâle-Ville
6%
Brandebourg
6%
Émilie-Romagne
6%
Hawaï
6%
Îles Caïmans
6%
Îles Mariannes du Nord
6%
Illinois
6%
Maryland
6%
Tessin
6%
Basse-Saxe
5%
Communauté Valencienne
5%
Frioul-Vénétie julienne
5%
Martinique
5%
Schleswig-Holstein
5%
Australie Méridionale
4%
Bavière
4%
Calabre
4%
Genève
4%
La Rioja
4%
Uri
4%
Wisconsin
4%
Appenzell Rhodes-Intérieures
3%
Bade-Wurtemberg
3%
Brême
3%
Connacht
3%
Glaris
3%
Îles Pitcairn
3%
Kansas
3%
Lucerne
3%
Molise
3%
Neufchâtel
3%
Oklahoma
3%
Piémont
3%
Pouilles
3%
Saxe
3%
(𝐿𝑎𝑛𝑑 𝐴𝑙𝑙𝑒𝑚𝑎𝑛𝑑) Thuringe
3%
Trentin-Haut-Adige
3%
Abruzzes
2%
Appenzell Rhodes-Exterieures
0%
Basilicate
0%
Cantabrie
0%
Extrémadure
0%
Grisons
0%
Ligurie
0%
Loire-Atlantique
0%
Région de Murcie
0%
Territoire du Nord-Ouest
0%
Territoire du Yukon
0%
Thurgovie
0%
Aucun quiz correspondant
Distribution des résultats
% des personnes avec chaque résultat
Percentile par nombre de réponses
Votre historique - résultats
Vous n’avez pas pris ce quiz